00620nam a22002177a 450000500170000001000130001702000210003003500130005103700160006404000120008008200130009210000180010524500650012324600060018826000390019427000460023330000230027950000190030265000330032165000480035420170124110231.0 aB-077879 c00.00a812200637 aB-077879 bCen Lib/Ret aDPLbEN a080bTAN aTandon, B. N. aPMO diary-I : cby B. N. Tandonb prelude to the emergency / b  bKonark Publishersc2003aNew Delhi bNew DelhiaA-149, Main Vikas Marge110092 ali,567p.c22cm(Hb) aIncludes index aGandhi, Indira, -- 1917-1984 aIndia -- Officials and employees -- Diaries